[Event "TUR-chT 1st League"]
[Site "Denizli"]
[Date "2023.07.10"]
[Round "3.66"]
[White "Bilgi, Ali Erdem"]
[Black "Ozkurt, Deniz"]
[Result "1/2-1/2"]
[WhiteElo "1376"]
[BlackElo "1732"]
[PlyCount "127"]
[EventDate "2023.07.09"]
[EventType "team-swiss"]
[EventRounds "9"]
[EventCountry "TUR"]
[SourceTitle "CBM 215 Extra"]
[Source "ChessBase"]
[SourceDate "2023.09.30"]
[SourceVersion "1"]
[SourceVersionDate "2023.09.30"]
[SourceQuality "1"]
[WhiteTeam "Bursa Deneyim"]
[BlackTeam "Karsiyaka Ihtisas"]
[WhiteTeamCountry "TUR"]
[BlackTeamCountry "TUR"]

1. e4 e6 2. d4 d5 3. e5 c5 4. c3 Nc6 5. Nf3 Qb6 6. Bd3 cxd4 7. 0-0 Bd7 8. Re1 Bc5 9. b4 Be7 10. a3 Rc8 11. Bb2 Nh6 12. h3 Nf5 13. Bxf5 exf5 14. cxd4 Be6 15. Nc3 0-0 16. Rc1 Rfd8 17. Qd3 a6 18. Na4 Qb5 19. Qxb5 axb5 20. Nc3 Na7 21. g3 Rc6 22. Nd2 Rdc8 23. f4 h6 24. Kf2 Bd8 25. Ke3 Be7 26. Nb3 b6 27. Kd3 h5 28. h4 Kf8 29. Nd2 Ke8 30. Nf1 Rd8 31. Ne3 Bf8 32. Rc2 Rcc8 33. Rec1 Be7 34. Ne2 Rxc2 35. Rxc2 Kd7 36. Nc3 Ke8 37. Rc1 Bf8 38. Ra1 Be7 39. Rc1 Bf8 40. Ne2 Kd7 41. Bc3 Rc8 42. Ng1 Be7 43. Nh3 g6 44. Nf2 Nc6 45. Nfd1 Na7 46. Nb2 Nc6 47. Nc2 Kc7 48. Ra1 Na7 49. Ne3 Kb7 50. Bd2 Nc6 51. Nbd1 Ra8 52. Bc3 Na7 53. Bb2 Rd8 54. Nc3 Kc6 55. Kc2 Bf8 56. Kb3 Kb7 57. a4 bxa4+ 58. Kxa4 Nc6 59. Na2 Ra8+ 60. Kb3 b5 61. Nc2 Kb6 62. Nc3 Rxa1 63. Bxa1 Nb8 64. Na2 1/2-1/2